Bi-netiv ha-maʻpilim / (Record no. 31924)

MARC details
000 -LEADER
fixed length control field 00764cam a22002291 4500
001 - CONTROL NUMBER
control field he 66001545
003 - CONTROL NUMBER IDENTIFIER
control field DLC
005 - DATE AND TIME OF LATEST TRANSACTION
control field 20260227111441.0
008 - FIXED-LENGTH DATA ELEMENTS--GENERAL INFORMATION
fixed length control field 840406s1964 is 000 0 heb
010 ## - LIBRARY OF CONGRESS CONTROL NUMBER
LC control number he 66001545
035 ## - SYSTEM CONTROL NUMBER
System control number (OCoLC)19168574
040 ## - CATALOGING SOURCE
Original cataloging agency DLC
Transcribing agency MH
Modifying agency UU
-- DLC
042 ## - AUTHENTICATION CODE
Authentication code premarc
050 00 - LIBRARY OF CONGRESS CALL NUMBER
Classification number DS126
Item number .P62
245 00 - TITLE STATEMENT
Title Bi-netiv ha-maʻpilim /
Statement of responsibility, etc. ba-ʻarikhat Zevulun Poran.
260 ## - PUBLICATION, DISTRIBUTION, ETC.
Place of publication, distribution, etc. Jerusalem :
Name of publisher, distributor, etc. ha-Ḳeren ha-ḳayemet le-Yiśraʼel, ha-Maḥlaḳah le-ḥinukh ule-noʻar,
Date of publication, distribution, etc. [1964 or 1965]
300 ## - PHYSICAL DESCRIPTION
Extent 87 p. :
Other physical details ill., facsims. ;
Dimensions 15 cm.
651 #0 - SUBJECT ADDED ENTRY--GEOGRAPHIC NAME
Geographic name Palestine
General subdivision Emigration and immigration.
700 1# - ADDED ENTRY--PERSONAL NAME
Personal name Poran, Zevulun,
Relator term ed.
710 2# - ADDED ENTRY--CORPORATE NAME
Corporate name or jurisdiction name as entry element Jewish National Fund.
Subordinate unit Youth and Education Department.
752 ## - ADDED ENTRY--HIERARCHICAL PLACE NAME
Country or larger entity Israel
City Jerusalem

No items available.

Powered by Koha